| 000 -ლიდერი |
| ფიქსირებული სიგრძის საკონტროლო ველი |
01069nam a2200229Ia 4500 |
| 001 - საკონტროლო ნომერი |
| საკონტროლო ველი |
4292 |
| 003 - საკონტროლო ნომრის იდენტიფიკატორი |
| საკონტროლო ველი |
GE_BSU |
| 005 - ბოლო ოპერაციის თარიღი და დრო |
| საკონტროლო ველი |
20191008155442.0 |
| 008 - ფიქსირებული სიგრძის მონაცემთა ელემენტები - ზოგადი ინფორმაცია |
| ფიქსირებული სიგრძის საკონტროლო ველი |
181216s2001||||ge |||||||||||||| ||geo|| |
| 040 ## - კატალოგიზაციის წყარო |
| Transcribing agency |
GE_BSU |
| 041 ## - ენის კოდი |
| Language code of text/sound track or separate title |
geo |
| 080 ## - უნივერსალური ათობითი კლასიფიკაციის ინდექსი |
| Universal Decimal Classification number |
94(479.223)+37(479.223) ჯ–26 |
| 100 ## - მთავარი ჩანაწერი - პიროვნების სახელი |
| Personal name |
ჯაფარიძე, შოთა |
| 9 (RLIN) |
4625 |
| 245 ## - ცნობა სათაურის შესახებ |
| Title |
აჭარის ავტონომიური რესპუბლიკა დემოკრატიული გარდაქმნების ეტაპზე (1991-2001) : |
| Remainder of title |
წ. 1. / |
| Statement of responsibility, etc |
შოთა ჯაფარიძე ; რედ. ჯემალ ხოფერია. |
| 300 ## - ფიზიკური აღწერა |
| Extent |
639 გვ. ; |
| Other physical details |
20 სმ. |
| 653 ## - INDEX TERM--UNCONTROLLED |
| Uncontrolled term |
აჭარის ისტორია; |
| 653 ## - INDEX TERM--UNCONTROLLED |
| Uncontrolled term |
აჭარის კონსტიტუცია; |
| 653 ## - INDEX TERM--UNCONTROLLED |
| Uncontrolled term |
აჭარის ავტონომია; |
| 653 ## - INDEX TERM--UNCONTROLLED |
| Uncontrolled term |
აჭარის საგარეო პოლიტიკა; |
| 700 ## - ADDED ENTRY--PERSONAL NAME |
| Personal name |
ხოფერია, ჯემალ |
| Relator term |
რედაქტორი |
| 9 (RLIN) |
3862 |
| 942 ## - ADDED ENTRY ELEMENTS (KOHA) |
| Koha item type |
წიგნი |
| Source of classification or shelving scheme |
|